000 00456nam a2200181Ia 4500
008 151202s9999||||xx |||||||||||||| ||und||
082 _bPNVM-68233
100 _a---
245 _aVedant View of Indian Philosophy.
260 _b"Datt Lakshmi Trust, Pune."
260 _c68233
300 _a268
600 _a---
630 _aVedant View of Indian Philosophy.
700 _a---
730 _aVedant View of Indian Philosophy.
942 _cBOOK
999 _c1334743
_d1334740